| 000 | 00985nam a22002297a 4500 | ||
|---|---|---|---|
| 999 |
_c12183 _d12183 |
||
| 003 | AR-CdUCM | ||
| 008 | 190408b ||||| |||| 00| 0 spa d | ||
| 040 |
_aMUNICIPALIDAD PROVINCIAL DEL CUSCO _cBIBLIOTECA MUNICIPAL DEL CUSCO |
||
| 082 |
_a940 / _bG92 / 1839 |
||
| 100 |
_aGuizot, M. _929906 |
||
| 245 | _aHistoria general de la civilización europea, ó, Curso de historia moderna, desde la caída del imperio romano hasta la revolución francesa / | ||
| 260 |
_aBarcelona : _bImprenta de J. Verdaguer, _c1839. |
||
| 300 |
_a392 paginas ; _c22 cm. |
||
| 500 | _aDedicatoria | ||
| 505 | _aContenido : Objeto del curso -- Historia de la civilización europea -- La civilización puede ser contada y escrita -- Unidad de la civilización antigua -- Variedad de la civilización moderna... | ||
| 650 |
_aEuropa _91221 |
||
| 650 |
_aCivilización _91048 |
||
| 650 |
_aHistoria _9136 |
||
| 700 |
_aH.F.C. ( Traductor) _929907 |
||
| 942 |
_2ddc _cLIBROS |
||
| 945 |
_awnts _d2019-04-08 |
||